U.S. States Whose Two Biggest Cities Are in the Same Metro Area - Statistics

General Stats
  • This quiz has been taken 62 times
  • The average score is 9 of 12
Answer Stats
Metro Pop. State % Correct
9,449,351 Illinois
86%
20,081,935 New Jersey
86%
946,327 Connecticut
78%
1,676,579 Rhode Island
78%
3,690,261 Minnesota
76%
2,265,461 Nevada
72%
422,937 New Hampshire
68%
1,016,508 Hawaii
66%
225,562 Vermont
64%
1,780,059 Virginia
64%
764,718 Idaho
60%
1,257,936 Utah
56%
No matching quizzes found
Score Distribution
Percent of People with Each Score
Percentile by Number Answered
Your Score History
You have not taken this quiz